[Event "AUTO-OPEN-1740"]
[Site "http://www.queenalice.com/game.php?id=673855"]
[Date "2009.10.28"]
[Round "1"]
[White "Capelense"]
[Black "bboyfael"]
[Result "1-0"]
[WhiteElo "2007"]
[BlackElo "1273"]

1. e4 e5 2. Nf3 Nc6 3. Bc4 g6 4. Ng5 Bg7 5. Nxf7 Nd4 6. Nxd8 Kxd8 7. d3 b5 8.
Bxg8 Rxg8 9. Bg5+ Ke8 10. Nc3 d6 11. Nd5 c6 12. Nc7+ Kf8 13. Nxa8 1-0

[Event "AUTO-OPEN-1740"]
[Site "http://www.queenalice.com/game.php?id=673856"]
[Date "2009.10.28"]
[Round "1"]
[White "bboyfael"]
[Black "Capelense"]
[Result "0-1"]
[WhiteElo "1273"]
[BlackElo "2009"]

1. e4 e5 2. Nf3 Nc6 3. g3 Nf6 4. Bg2 Bc5 5. O-O d6 6. Nh4 Bg4 7. Bf3 Bxf3 8.
Qxf3 Nd4 9. Qd3 Qd7 10. c3 Qh3 11. Ng2 Ng4 12. Re1 Qxh2+ 13. Kf1 Qh1# 0-1

[Event "AUTO-OPEN-1740"]
[Site "http://www.queenalice.com/game.php?id=673877"]
[Date "2009.10.28"]
[Round "1"]
[White "bboyfael"]
[Black "Wino"]
[Result "0-1"]
[WhiteElo "1278"]
[BlackElo "1865"]

1. e4 d6 2. d4 Nf6 3. Nh3 Nxe4 4. Bd3 Nf6 5. O-O Bxh3 6. gxh3 g6 7. c3 Nc6 8.
Qa4 Qd7 9. Qb5 O-O-O 10. Na3 Qxh3 11. Qc4 d5 12. Qc5 Ng4 13. Bf4 e5 0-1

[Event "AUTO-OPEN-1740"]
[Site "http://www.queenalice.com/game.php?id=673878"]
[Date "2009.10.28"]
[Round "1"]
[White "Wino"]
[Black "bboyfael"]
[Result "1-0"]
[WhiteElo "1860"]
[BlackElo "1271"]

1. Nf3 e6 2. g3 d5 3. Bg2 Bd7 4. O-O g6 5. d4 Bg7 6. Nc3 Nh6 7. e4 dxe4 8. Nxe4
Bb5 9. Bg5 f6 10. Nc5 Bxf1 11. Nxe6 Qe7 12. Qxf1 fxg5 13. Re1 Be5 14. Rxe5 Na6
15. Ng7+ Kf8 16. Rxe7 Kxe7 17. Qe2+ Kf7 18. Nxg5+ Kf6 19. Qe5# 1-0

[Event "AUTO-OPEN-1740"]
[Site "http://www.queenalice.com/game.php?id=673879"]
[Date "2009.10.28"]
[Round "1"]
[White "bboyfael"]
[Black "ignacius"]
[Result "0-1"]
[WhiteElo "1265"]
[BlackElo "2061"]

1. e4 e6 2. Bd3 Bc5 3. Nf3 Nc6 4. O-O Nh6 5. h3 Nd4 6. Nxd4 Bxd4 7. c3 Bb6 8. e5
Qg5 9. Be4 Qxe5 10. d4 Qxe4 11. Re1 Qg6 12. g3 d5 13. Qa4+ c6 14. Nd2 O-O 15. b3
Nf5 16. g4 Nh4 17. Ba3 Re8 18. Rab1 Qd3 19. Re3 Qxd2 20. Bc1 Qd1+ 0-1

[Event "AUTO-OPEN-1740"]
[Site "http://www.queenalice.com/game.php?id=673880"]
[Date "2009.10.28"]
[Round "1"]
[White "ignacius"]
[Black "bboyfael"]
[Result "1-0"]
[WhiteElo "2060"]
[BlackElo "1264"]

1. d4 e6 2. c4 d5 3. cxd5 exd5 4. Nc3 Nf6 5. e3 Ne4 6. Bd3 Nxc3 7. bxc3 g6 8.
Nf3 Na6 9. Bxa6 bxa6 10. O-O Bg7 11. Ba3 Bf8 12. Bxf8 Kxf8 13. a4 Bf5 14. a5 Rb8
15. Ne5 Qg5 16. f4 Bh3 17. fxg5 1-0

[Event "AUTO-BEG-350"]
[Site "http://www.queenalice.com/game.php?id=675065"]
[Date "2009.10.30"]
[Round "1"]
[White "AndreBerton"]
[Black "bboyfael"]
[Result "0-1"]
[WhiteElo "1290"]
[BlackElo "1238"]

1. e4 e5 2. Bc4 Qf6 3. Nf3 Bc5 4. Nc3 d6 5. Nd5 Qd8 6. c3 Nf6 7. Qa4+ Bd7 8. Qb3
O-O 9. Qxb7 Nc6 10. Nxc7 Qb8 11. Qxa8 Qxc7 12. Bxf7+ Kxf7 13. Ng5+ Kg8 14. Qxf8+
Kxf8 15. O-O Ng4 16. Nxh7+ Kg8 17. Ng5 d5 18. h3 Nf6 19. d3 dxe4 20. dxe4 Ne7
21. b4 Bd4 22. cxd4 exd4 23. g3 Ng6 24. Bb2 Qc4 25. Rfc1 Qxb4 0-1

[Event "AUTO-BEG-350"]
[Site "http://www.queenalice.com/game.php?id=675066"]
[Date "2009.10.30"]
[Round "1"]
[White "bboyfael"]
[Black "AndreBerton"]
[Result "1-0"]
[WhiteElo "1248"]
[BlackElo "1411"]

1. g4 e5 2. Bg2 Bc5 3. Nh3 Qh4 4. O-O b6 5. d4 Bxd4 6. e3 Bc5 7. Qd5 c6 8. Qxe5+
Ne7 9. Qxg7 Rg8 10. Qe5 d6 11. Qf4 Rxg4 12. Qf3 Ba6 13. Nf4 Nd7 14. Qh3 Qg5 15.
Re1 Ne5 16. Ne6 fxe6 17. f3 Bxe3+ 18. Kh1 Bf2 19. Bxg5 Bxe1 20. fxg4 N7g6 21.
Qxh7 Bf2 22. Qg8+ Nf8 23. Qg7 Nxg4 24. Bxc6+ Nd7 25. Qe7# 1-0

[Event "AUTO-BEG-350"]
[Site "http://www.queenalice.com/game.php?id=675081"]
[Date "2009.10.30"]
[Round "1"]
[White "maurice91"]
[Black "bboyfael"]
[Result "1-0"]
[WhiteElo "1535"]
[BlackElo "1302"]

1. Nf3 d6 2. d4 b6 3. e4 d5 4. e5 f6 5. Bf4 fxe5 6. Nxe5 Qd6 7. Bb5+ c6 8. Bd3
g5 9. Bxg5 c5 10. Qh5+ Kd8 11. Nf7+ Kd7 12. Nxd6 Kxd6 13. dxc5+ bxc5 14. Qe8 Bd7
15. Qxf8 h6 16. Bf4+ 1-0

[Event "AUTO-BEG-350"]
[Site "http://www.queenalice.com/game.php?id=675082"]
[Date "2009.10.30"]
[Round "1"]
[White "bboyfael"]
[Black "maurice91"]
[Result "0-1"]
[WhiteElo "1262"]
[BlackElo "1697"]

1. g3 d5 2. d4 Bf5 3. Bg2 Nf6 4. Nh3 Qd7 5. O-O Bxh3 6. Bxh3 Qxh3 7. f3 Qd7 8.
Nc3 e6 9. e4 dxe4 10. fxe4 Be7 11. Bd2 Qxd4+ 12. Kg2 Nc6 13. Bf4 O-O-O 14. Nb5
Qxe4+ 15. Qf3 Qxc2+ 16. Rf2 Qc5 17. Rd1 Qxb5 18. Rdd2 Bc5 19. Rfe2 Rxd2 20. Rxd2
Nd4 21. Qd3 Qxd3 22. Rxd3 Rd8 23. Be5 Nf5 24. Rf3 Rd2+ 25. Kh3 Bd6 26. Bc3 Re2
0-1

[Event "AUTO-BEG-350"]
[Site "http://www.queenalice.com/game.php?id=675093"]
[Date "2009.10.30"]
[Round "1"]
[White "bboyfael"]
[Black "Peppone"]
[Result "0-1"]
[WhiteElo "1252"]
[BlackElo "1291"]

1. e4 c6 2. Qf3 d5 3. exd5 cxd5 4. Bb5+ Nc6 5. Nh3 Bd7 6. Ng5 Ne5 7. Qxd5 f6 8.
Bxd7+ Qxd7 9. Qf7+ Nxf7 10. Nxf7 Kxf7 11. O-O Rc8 12. Na3 e5 0-1

[Event "AUTO-BEG-350"]
[Site "http://www.queenalice.com/game.php?id=675094"]
[Date "2009.10.30"]
[Round "1"]
[White "Peppone"]
[Black "bboyfael"]
[Result "1-0"]
[WhiteElo "1373"]
[BlackElo "1256"]

1. e4 e5 2. f4 d6 3. Nf3 Be7 4. Bc4 Nh6 5. O-O O-O 6. fxe5 dxe5 7. Nxe5 Qd4+ 8.
Kh1 Qxe5 9. d3 Ng4 10. Bf4 Qxb2 11. Nd2 Nc6 12. Bxc7 Ne3 13. Qe2 Nxc2 14. Rab1
N2d4 15. Qf2 h6 16. Rxb2 1-0

[Event "Let's Play Chess!"]
[Site "http://www.queenalice.com/game.php?id=698265"]
[Date "2009.12.15"]
[Round "-"]
[White "bboyfael"]
[Black "muleki"]
[Result "0-1"]
[WhiteElo "1263"]
[BlackElo "1523"]

1. e4 d5 2. e5 d4 3. f4 f6 4. c3 dxc3 5. g3 fxe5 6. Nf3 cxb2 7. d4 bxa1=Q 8. Bc4
exd4 9. f5 e5 10. f6 gxf6 11. Ng5 fxg5 12. h4 gxh4 13. Kd2 hxg3 14. Rh2 gxh2 15.
Be2 h1=Q 16. Nc3 dxc3+ 17. Ke3 c2 18. Kf2 cxd1=Q 19. Kg3 Qxe2 20. Ba3 Qef3# 0-1